000 00393nam a2200157Ia 4500
008 210210b1996 xxu||||| |||| 00| 0 eng d
020 _a81 219 0215 0
082 _a307.72 GOMV
100 _aGOMES (Olivinho J F).
245 _aVillage Goa. Ed 2.
250 _a
260 _aNew Delhi.
_bS. Chand & Co. Ltd.
_c1996
300 _axiv,432,P8
690 _aRural Sociology
906 _a057523
999 _c104965
_d104965